seven deadly sins a qui appartient cette relique? - Statistiques

Statistiques générales
  • Ce quiz a été pris 306 fois
  • Le résultat moyen est 3 sur 6
Statistiques - réponses
seven deadly sins reliques(tresor sacrés) % Correct
Diane Gideon
75%
Meliodas Lostvayne
65%
King Chastiefol
51%
Escanor Rhitta
41%
Merlin Aldan
23%
Gowther Heritt
21%
Aucun quiz correspondant
Distribution des résultats
% des personnes avec chaque résultat
Percentile par nombre de réponses
Votre historique - résultats
Vous n’avez pas pris ce quiz